不识茶滋味 (Record no. 322877)

000 -LEADER
fixed length control field 00393 a2200157 4500
020 ## - ISBN
ISBN 9786269686032
082 ## - 索书号 Call Number
分类号Classification number 974.8
作者号 Author number 8390
100 ## - 作者
作者 吴翔逸 主编;Julia Lee 著
245 ## - 书名 TITLE
书名Title 不识茶滋味
250 ## - 版本 EDITION STATEMENT
版本叙述 Edition statement 初版;平装
260 ## - 出版项PUBLICATION, DISTRIBUTION, ETC. (IMPRINT)
出版社 Name of publisher 博思智库
出版日期 Date of publication 2023
出版地 Place of publication 台北市
300 ## - 稽核项 PHYSICAL DESCRIPTION
页数 Number of Pages 167页
尺寸 Dimensions 24.5公分
500 ## - 一般附注 GENERAL NOTE
附注 General note
700 ## - ADDED ENTRY--PERSONAL NAME
第二作者 / 译者 / 绘者 邱德兴;王昱森 摄影
942 ## - ADDED ENTRY ELEMENTS (KOHA)
Koha item type Books
Holdings
Source of classification or shelving scheme Not for loan Permanent Location Current Location Shelving location Date acquired Source of acquisition Cost, normal purchase price Full call number Barcode Cost, replacement price Koha item type
    LIBRARY CHUNG HWA HIGH SCHOOL MUAR LIBRARY CHUNG HWA HIGH SCHOOL MUAR 9 艺术类(一楼) 2026-03-25 81.50 974.8 8390 050245 163.00 Books

Powered by Koha